Canada

Salvato in:
Dettagli Bibliografici
Natura: Libro
Lingua:inglese
Pubblicazione: Paris OECD 2002
Serie:OECD territorial reviews
Soggetti:
Tags: Aggiungi Tag
Nessun Tag, puoi essere il primo ad aggiungerne!!

MARC

LEADER 00000nam a2200000 4500
001 c141886
005 20221124091822.8
020 |a 92-64-19832-6 
041 0 |a eng 
044 |a FR 
245 1 0 |a Canada 
264 1 |a Paris  |b OECD  |c 2002 
300 |a 264 s. 
490 1 |a OECD territorial reviews 
830 0 |a OECD territorial reviews 
610 2 0 |a regióny 
610 2 0 |a politika regionálna 
610 2 0 |a vývoj regionálny 
610 2 0 |a urbanizácia 
610 2 0 |a poľnohospodárstvo 
610 2 0 |a financie 
610 2 0 |a poistenie sociálne 
610 2 0 |a populácia 
610 2 0 |a administratíva 
610 2 0 |a štruktúra ekonomická 
610 2 0 |a priemysel 
610 2 0 |a podnikanie 
610 2 0 |a spolupráca hospodárska medzinárodná 
610 2 0 |a vzdelanie 
610 2 0 |a rozvoj hospodársky 
610 2 0 |a zdroje prírodné 
610 2 0 |a Kanada 
610 2 0 |a svet 
610 2 0 |a OECD